000 00660nam a2200145 a 4500
001 000046691
005 20201002053041.0
008 180319s2019 dr a 000 spa d
040 _aDO-SdBNP
_bspa
_cBNPHU
100 0 1 _aLópez Belando, Adolfo José
_974644
245 0 _aExplorando la Villa de la Isabela y el parque Nacional La Hispaniola. :
_bguía de interpretación del sitío arqueológico de la Villa de la Isabela, primera ciudad europea de América y del parque Nacional la Hispaniola /
_cAdolfo José López Belando.
260 _aSanto Domingo, :
_bCooperación Española,
_c2019.
300 _a79 p. :
_bil ;
_c26 cm.
590 _aInventariado, 2020 / DG
999 _c46180
_d46180